000 00547nam a2200121Ia 4500
008 220615s9999||||xx |||||||||||||| ||und||
100 _aMiltiadis D. Lytras (Ed.)||Anna Visvizi (Ed.)
245 0 _aSustainable Smart Cities and Smart Villages Research
546 _aEnglish[eng]
650 _aSouth America||policymaking||smart village||Europe||sustainability||smart villages research||European Union||Asia||China||smart cities research||ICT||smart city||best practice sharing
856 _uhttps://www.mdpi.com/books/pdfview/book/813
942 _cEB
999 _c17667
_d17667